[Event "GER-chB U25"]
[Site "Oberhof"]
[Date "2011.06.18"]
[Round "9"]
[White "Thumm, Niklas"]
[Black "Polert, Jesper"]
[Result "0-1"]
[WhiteElo "1016"]
[BlackElo "809"]
[PlyCount "122"]
[EventDate "2011.06.11"]
[EventType "swiss"]
[EventRounds "9"]
[EventCountry "GER"]
[SourceTitle "CBM 142 Extra"]
[Source "ChessBase"]
[SourceDate "2011.06.27"]
[SourceVersion "1"]
[SourceVersionDate "2011.06.27"]
[SourceQuality "1"]

1. e4 c6 2. Nc3 d5 3. exd5 cxd5 4. d4 Nc6 5. Bb5 a6 6. Ba4 e6 7. Nf3 Bb4 8. Ne5 Bd7 9. Nxd7 Qxd7 10. Qg4 g6 11. Bf4 Nf6 12. Qh4 Ne4 13. 0-0 Bxc3 14. bxc3 Nxc3 15. Be5 Rg8 16. Qxh7 0-0-0 17. Bb3 Nxe5 18. dxe5 Rh8 19. Qg7 Ne4 20. Ba4 Qc7 21. Rac1 Rdg8 22. c4 dxc4 23. Bb3 Kb8 24. Rxc4 Qd7 25. Qxg8+ Rxg8 26. Rxe4 Rc8 27. h3 Rc6 28. Rb1 Rb6 29. Ra4 Qxa4 30. Rd1 Qe4 31. Rd8+ Ka7 32. Rd7 Qxe5 33. Rxf7 Rc6 34. Rd7 Rc1+ 35. Rd1 Rxd1+ 36. Bxd1 Qa1 37. Kh2 Qxd1 38. Kg3 Qd3+ 39. f3 b5 40. h4 a5 41. h5 gxh5 42. Kh4 a4 43. Kxh5 Qe2 44. g4 Qxf3 45. Kg5 Qxg4+ 46. Kxg4 b4 47. Kf3 b3 48. axb3 axb3 49. Ke4 b2 50. Ke5 b1Q 51. Kxe6 Qd3 52. Ke5 Kb7 53. Kf4 Qe2 54. Kf5 Kc6 55. Kf4 Kd5 56. Kf5 Qf3+ 57. Kg6 Ke5 58. Kg7 Ke6 59. Kh8 Qg2 60. Kh7 Kf6 61. Kh6 Qg6# 0-1

[Event "GER-chB U25"]
[Site "Oberhof"]
[Date "2011.06.14"]
[Round "5"]
[White "Cejda, Moritz"]
[Black "Polert, Jesper"]
[Result "1-0"]
[WhiteElo "1179"]
[BlackElo "809"]
[PlyCount "82"]
[EventDate "2011.06.11"]
[EventType "swiss"]
[EventRounds "9"]
[EventCountry "GER"]
[SourceTitle "CBM 142 Extra"]
[Source "ChessBase"]
[SourceDate "2011.06.27"]
[SourceVersion "1"]
[SourceVersionDate "2011.06.27"]
[SourceQuality "1"]

1. e4 c5 2. Nc3 d6 3. Bc4 Nf6 4. Nf3 g6 5. e5 dxe5 6. Nxe5 Bg7 7. Nxf7 Qd4 8. d3 Rf8 9. Be3 Bg4 10. Bxd4 Bxd1 11. Bxc5 Bh5 12. f3 g5 13. Nxg5 Bf7 14. Bxf7+ Rxf7 15. Nxf7 Kxf7 16. 0-0 Nc6 17. Rae1 Re8 18. b4 a6 19. b5 axb5 20. Nxb5 Bf8 21. Nc7 Rc8 22. Ne6 Bh6 23. g4 Bd2 24. Re2 Bc3 25. Ng5+ Ke8 26. Rb1 Rb8 27. Rb3 Bd4+ 28. Bxd4 Nxd4 29. Re5 Nxb3 30. axb3 Rc8 31. Re2 Rc6 32. Ne4 Nd5 33. c4 Nf4 34. Re3 Ra6 35. Nc5 Rb6 36. d4 Kf7 37. Kf2 Nh3+ 38. Kg3 Ng5 39. Re5 Ne6 40. Rxe6 Rxe6 41. Nxe6 Kxe6 1-0

[Event "GER-chB U25"]
[Site "Oberhof"]
[Date "2011.06.14"]
[Round "6"]
[White "Polert, Jesper"]
[Black "Klinge, Sabina"]
[Result "1-0"]
[WhiteElo "809"]
[BlackElo "1101"]
[PlyCount "65"]
[EventDate "2011.06.11"]
[EventType "swiss"]
[EventRounds "9"]
[EventCountry "GER"]
[SourceTitle "CBM 142 Extra"]
[Source "ChessBase"]
[SourceDate "2011.06.27"]
[SourceVersion "1"]
[SourceVersionDate "2011.06.27"]
[SourceQuality "1"]

1. e4 e5 2. Nf3 Nc6 3. Bb5 a6 4. Ba4 d6 5. 0-0 Bd7 6. c3 Be7 7. d4 exd4 8. cxd4 Bf6 9. Re1 Nge7 10. e5 dxe5 11. dxe5 Nxe5 12. Nxe5 Bxa4 13. Qxa4+ b5 14. Qb3 0-0 15. Nc3 c5 16. Bf4 c4 17. Qc2 Re8 18. Ng4 Qd4 19. Nxf6+ Qxf6 20. Bg3 Nf5 21. Rxe8+ Rxe8 22. Nd5 Qe6 23. Qd2 Rd8 24. Rd1 Kf8 25. Qb4+ Ne7 26. Re1 Rxd5 27. Rxe6 fxe6 28. h3 Kf7 29. Qc3 Rd3 30. Qe5 b4 31. Qe4 Rd1+ 32. Kh2 c3 33. Qf3+ 1-0

[Event "GER-chB U25"]
[Site "Oberhof"]
[Date "2011.06.14"]
[Round "4"]
[White "Polert, Jesper"]
[Black "Mann, Jonas"]
[Result "0-1"]
[WhiteElo "809"]
[BlackElo "1381"]
[PlyCount "58"]
[EventDate "2011.06.11"]
[EventType "swiss"]
[EventRounds "9"]
[EventCountry "GER"]
[SourceTitle "CBM 142 Extra"]
[Source "ChessBase"]
[SourceDate "2011.06.27"]
[SourceVersion "1"]
[SourceVersionDate "2011.06.27"]
[SourceQuality "1"]

1. e4 c5 2. Nf3 d6 3. Bb5+ Bd7 4. Bxd7+ Qxd7 5. 0-0 Nf6 6. d3 e6 7. Re1 Be7 8. Nc3 Nc6 9. Bg5 a6 10. Qe2 0-0 11. Rad1 b5 12. d4 cxd4 13. Nxd4 b4 14. Nxc6 Qxc6 15. Nb1 a5 16. e5 dxe5 17. Qxe5 Qxc2 18. Rd2 Qc6 19. Qg3 Kh8 20. Rd4 Rfd8 21. Rdd1 Rxd1 22. Rxd1 Ne4 23. Qf3 Bxg5 24. g3 f5 25. h4 Bf6 26. Qd3 g6 27. f3 Qc5+ 28. Kg2 Qf2+ 29. Kh3 Qxg3# 0-1

[Event "GER-ch U25 op"]
[Site "Willingen"]
[Date "2009.06.02"]
[Round "5"]
[White "Kuckling, Linus"]
[Black "Polert, Jesper"]
[Result "1-0"]
[WhiteElo "1197"]
[BlackElo "779"]
[PlyCount "61"]
[EventDate "2009.05.30"]
[EventType "swiss"]
[EventRounds "9"]
[EventCountry "GER"]
[SourceTitle "EXT 2010"]
[Source "ChessBase"]
[SourceDate "2010.11.25"]
[SourceVersion "1"]
[SourceVersionDate "2010.11.25"]
[SourceQuality "1"]

1. e4 c6 2. d4 d5 3. exd5 cxd5 4. c4 e6 5. Nc3 Nf6 6. Nf3 Bb4 7. Bd2 Nc6 8. Bd3 dxc4 9. Bxc4 Na5 10. Be2 Nc6 11. a3 Ba5 12. Be3 Ng4 13. Bg5 f6 14. Bf4 e5 15. dxe5 Qxd1+ 16. Rxd1 fxe5 17. Bg3 0-0 18. h3 Nf6 19. 0-0 Nd7 20. Bb5 a6 21. Bxc6 bxc6 22. Bxe5 Rf5 23. Rfe1 Bb7 24. Rxd7 Bc8 25. Rxg7+ Kh8 26. Rg5+ Rxe5 27. Nxe5 Be6 28. Nxc6 Bb6 29. Rxe6 Rf8 30. Ne4 h6 31. Rxh6# 1-0

[Event "GER-ch U25 op"]
[Site "Willingen"]
[Date "2009.05.31"]
[Round "2"]
[White "Polert, Jesper"]
[Black "Rummer, Evi"]
[Result "0-1"]
[WhiteElo "779"]
[BlackElo "1439"]
[PlyCount "62"]
[EventDate "2009.05.30"]
[EventType "swiss"]
[EventRounds "9"]
[EventCountry "GER"]
[SourceTitle "EXT 2010"]
[Source "ChessBase"]
[SourceDate "2010.11.25"]
[SourceVersion "1"]
[SourceVersionDate "2010.11.25"]
[SourceQuality "1"]

1. e4 e5 2. Nf3 Nc6 3. Bc4 Bc5 4. Nc3 d6 5. d3 Nf6 6. Bg5 Be6 7. Bxe6 fxe6 8. 0-0 0-0 9. Na4 Nd4 10. Nxc5 dxc5 11. c3 Nxf3+ 12. Qxf3 Qe8 13. Bxf6 Rxf6 14. Qg3 Qh5 15. Rae1 Raf8 16. f3 Rg6 17. Qf2 b6 18. b4 Rh6 19. h3 Rg6 20. bxc5 Qxh3 21. cxb6 axb6 22. Re3 Rf4 23. Rfe1 Rh4 24. Kf1 Qh2 25. a4 Qf4 26. d4 Rh1+ 27. Ke2 Rh2 28. dxe5 Rhxg2 29. Qxg2 Rxg2+ 30. Kf1 Qh2 31. f4 Qg1# 0-1